|
|
|
|
| LEADER |
01478nam a2200433 a 4500 |
| 001 |
nkc20122386183 |
| 003 |
CZ PrNK |
| 005 |
20121008130706.0 |
| 007 |
ta |
| 008 |
120716s2012 xr a a 000 p cze |
| 015 |
|
|
|a cnb002386183
|
| 020 |
|
|
|a 978-80-251-3263-0
|
| 035 |
|
|
|a (OCoLC)815381333
|
| 040 |
|
|
|a OLA001
|b cze
|d ABA001
|
| 072 |
|
7 |
|a 821.162.3-1
|x Česká poezie
|2 Konspekt
|9 25
|
| 072 |
|
7 |
|a 821-93
|x Literatura pro děti a mládež (beletrie)
|2 Konspekt
|9 26
|
| 080 |
|
|
|a 821.162.3-1
|2 MRF
|
| 080 |
|
|
|a 821-93
|2 MRF
|
| 080 |
|
|
|a 793.7
|2 MRF
|
| 080 |
|
|
|a (0:82-1)
|2 MRF
|
| 100 |
1 |
|
|a Majčák, Josef,
|d 1948-
|7 jk01073098
|4 aut
|
| 245 |
1 |
0 |
|a Hádanky a básničky :
|b pro chytré hlavičky /
|c [Josef Majčák ; ilustrace Petra Řezníčková]
|
| 246 |
3 |
|
|a Hádanky a básničky pro chytré hlavičky
|
| 250 |
|
|
|a 1. vyd.
|
| 260 |
|
|
|a Brno :
|b CPress,
|c 2012
|
| 300 |
|
|
|a 96 s. :
|b barev. il. ;
|c 26 cm
|
| 650 |
0 |
7 |
|a hádanky
|7 ph121010
|2 czenas
|
| 650 |
0 |
9 |
|a riddles
|2 eczenas
|
| 655 |
|
7 |
|a česká poezie
|7 fd133958
|2 czenas
|
| 655 |
|
7 |
|a publikace pro děti
|7 fd133156
|2 czenas
|
| 655 |
|
9 |
|a Czech poetry
|2 eczenas
|
| 655 |
|
9 |
|a children's literature
|2 eczenas
|
| 700 |
1 |
|
|a Hauptová, Petra,
|d 1980-
|7 mzk2007394955
|4 ill
|
| 910 |
2 |
|
|a BOA001
|b 2-1288.603
|
| 928 |
9 |
|
|a Albatros Media - CPress
|
| 990 |
|
|
|a BK
|
| 995 |
|
|
|a 01
|
| 991 |
|
|
|b 201209
|e db
|
| 996 |
6 |
|
|b 2610519278
|c 2-1288.603
|l MZK
|r Sklad / do 1 hodiny
|n 3
|p p.v.
|w 001273260
|u 000010
|a 1
|e BOA001
|j MZK50
|s P
|